Loading...
| History - American | 0 | 7 | 0 | 2 | 70 | 56 | 105.86 | 0 | 2 | 0.00 | 0.00 |
| Religion | 0 | 4 | 0 | 4 | 40 | 109 | 120.50 | 0 | 0 | 0.00 | 0.00 |
| Social Science | 0 | 3 | 0 | 0 | 30 | 68 | 85.33 | 0 | 0 | 0.00 | 0.00 |
| Current Events | 0 | 2 | 0 | 1 | 20 | 52 | 90.50 | 0 | 0 | 0.00 | 0.00 |
| Mythology | 0 | 2 | 0 | 0 | 20 | 71 | 78.50 | 0 | 2 | 0.00 | 0.00 |
| Fine Arts - Painting and Sculpture | 0 | 2 | 1 | 0 | 15 | 83 | 90.00 | 0 | 1 | 0.00 | 0.00 |
| History - European | 0 | 1 | 0 | 0 | 10 | 69 | 69.00 | 0 | 1 | 0.00 | 0.00 |
| Literature - American | 0 | 1 | 0 | 0 | 10 | 107 | 107.00 | 0 | 0 | 0.00 | 0.00 |
| Fine Arts - Classical Music | 0 | 1 | 0 | 0 | 10 | 112 | 112.00 | 0 | 0 | 0.00 | 0.00 |
| Fine Arts - Other | 0 | 1 | 0 | 0 | 10 | 113 | 113.00 | 1 | 1 | 0.00 | 0.00 |
| Geography | 0 | 1 | 0 | 0 | 10 | 58 | 58.00 | 0 | 1 | 0.00 | 0.00 |
| Science - Chemistry | 0 | 1 | 1 | 0 | 5 | 104 | 104.00 | 0 | 0 | 0.00 | 0.00 |
| Science - Other | 0 | 1 | 1 | 0 | 5 | 124 | 124.00 | 0 | 0 | 0.00 | 0.00 |
| History - World | 0 | 1 | 1 | 0 | 5 | 119 | 119.00 | 0 | 0 | 0.00 | 0.00 |
| Science - Biology | 0 | 0 | 1 | 0 | -5 | 0.00 | 0 | 0 | 0.00 | 0.00 |